| 000 | 00760nam a22002055i 4500 | ||
|---|---|---|---|
| 001 | 177594 | ||
| 003 | ES-MaACL | ||
| 005 | 20230906220353.0 | ||
| 008 | 110405s1964 sp |||| | spa d | ||
| 080 | _a351.823(460) | ||
| 100 | 1 |
_aTordesillas, Ángel. _9145982 |
|
| 245 | 1 | 3 |
_aEl derecho minero y las inversiones extranjeras _b: (minas, canteras, hidrocarburos) / _cpor Ángel Tordesillas. |
| 260 |
_aMadrid : _bMontecorvo, _cD. L. 1964. |
||
| 300 |
_a284 p. ; _c24 cm. |
||
| 490 | 1 |
_aMonografías. Colección de estudios jurídicos ; _v6 |
|
| 650 |
_aMinas- _xDerecho y legislación- _zEspaña. _9175982 |
||
| 830 | 0 |
_aMonografías. Colección de estudios jurídicos ; _v6 _9190484 |
|
| 852 |
_aES-MaACL _jE-14797 _xOlim P-860-bis |
||
| 999 |
_c177594 _d177594 |
||